Luật bảo vệ môi trường
Lệnh của Chủ tịch nước về việc công bố luật bảo vệ môi trường và nội dung của luật bảo vệ môi trường.
Gardado en:
| Formato: | Libro |
|---|---|
| Idioma: | Undetermined |
| Publicado: |
Hà Nội
Chính trị quốc gia
2006
|
| Những chủ đề: | |
| Các nhãn: |
Engadir etiqueta
Sen Etiquetas, Sexa o primeiro en etiquetar este rexistro!
|
| Thư viện lưu trữ: | Trung tâm Học liệu Trường Đại học Cần Thơ |
|---|
| LEADER | 00770nam a2200205Ia 4500 | ||
|---|---|---|---|
| 001 | CTU_178312 | ||
| 008 | 210402s9999 xx 000 0 und d | ||
| 020 | |c 11000 | ||
| 082 | |a 344.597046 | ||
| 082 | |b L504 | ||
| 245 | 0 | |a Luật bảo vệ môi trường | |
| 260 | |a Hà Nội | ||
| 260 | |b Chính trị quốc gia | ||
| 260 | |c 2006 | ||
| 520 | |a Lệnh của Chủ tịch nước về việc công bố luật bảo vệ môi trường và nội dung của luật bảo vệ môi trường. | ||
| 650 | |a Environmental law,Environmental protection | ||
| 650 | |x Luật môi trường | ||
| 650 | |z Vietnam,Vietnam,Việt Nam | ||
| 904 | |i Nguyên | ||
| 980 | |a Trung tâm Học liệu Trường Đại học Cần Thơ | ||